000 00464nam a2200157Ia 4500
003 IQ-KOUCL
041 _aKurdish
082 _a891,3 cut-989 گ
100 _a20260118u\\\\\\\\\\\y0engy0103\\\\ba
100 _aئەحمەد محەمەد ئیسماعیل
245 0 _aهیوا - چیرۆک - سیناریۆ - فیلم
250 _aچ1
260 _bجابخابەى ناوندى سارا
_aسلیمانى - العراق
_c2021
300 _a193
942 _cBk
999 _c186723
_d186723